Beliebteste Babynamen der Schweiz - Statistiken

Allgemein
  • Dieses Quiz wurde 267 mal gespielt
  • Das Durchschnittsergebnis liegt bei 13 aus 60
Antwortstatistiken
Name Geburten % Korrekt
Lia 255
67%
Leo 256
65%
Anna 259
61%
Leon 315
53%
Noah 559
52%
Mia 467
51%
Lea 256
50%
Ben 227
48%
Emma 416
47%
Lena 243
47%
Luca 368
46%
Lara 251
38%
Sophia 211
37%
Julia 241
36%
Lina 315
35%
Emilia 303
33%
Laura 233
33%
Elia 204
28%
Finn 197
28%
Elin 238
25%
Louis 272
25%
Matteo 385
25%
Elias 303
22%
Liam 391
22%
Nico 192
22%
David 226
21%
Ella 240
21%
Leonie 220
21%
Nina 225
21%
Mila 307
20%
Julian 218
19%
Sofia 298
18%
Elena 322
16%
Luna 195
16%
Olivia 279
15%
Alina 260
14%
Lio 270
14%
Levi 199
13%
Nora 270
13%
Gabriel 327
11%
Robin 185
11%
Samuel 243
11%
Aaron 204
9%
Levin 178
7%
Luana 193
7%
Chiara 208
6%
Elina 197
6%
Nino 258
6%
Lian 201
5%
Leano 229
4%
Malea 231
4%
Alice 203
3%
Elio 183
3%
Mateo 183
3%
Valentina 197
3%
Arthur 177
2%
Diego 206
2%
Giulia 213
2%
Malik 179
2%
Leonardo 248
1%
Keine übereinstimmenden Quizze gefunden
Verteilung der Resultate
Anzahl Personen mit jedem Resultat
Perzentil nach korrekt beantworteten Fragen
Ihre Resultats-Entwicklung
Sie haben dieses Quiz noch nicht gespielt